Stolice Afryki A-Z - Statystyki

Ogólne statystyki
  • Ten quiz został rozwiązany 58 razy
    19 od ostatniego zresetowania
  • Średni wynik to 13 z 19
Statystyki odpowiedzi
# Stolice % Poprawnych
A Abudża | Addis Abeba | Akra | Algier | Antananarywa | Asmara
95%
K Kair | Kampala | Kigali | Kinszasa | Konakry | Kapsztad
95%
D Dakar | Dodoma | Dżibuti | Dżuba
89%
L Libreville | Lilongwe | Lome | Luanda | Lusaka
89%
B Bamako | Bandżul | Bangi | Bissau | Brazzaville | Bloemfontein
84%
N Nairobi | Nawakszut | Ndżamena | Niamey
84%
T Trypolis | Tunis
84%
M Maputo | Maseru | Mbabane | Mogadiszu | Monrovia | Moroni
74%
P Port Louis | Porto-Novo | Praia | Pretoria
74%
R Rabat
74%
C Chartum
68%
G Gaborone | Gitega
63%
W Wagadugu | Windhuk
63%
V Victoria
58%
J Jamusukro | Jaunde
53%
H Harare
47%
S Sao Tome
47%
F Freetown
42%
O Oyala
16%
Nie znaleziono quizów pasujących do podanych kryteriów
Rozkład punktacji
Procent ludzi z każdym wynikiem
Percentyl według liczby udzielonych odpowiedzi
Twoja historia wyników
Nie rozwiązałeś tego quizu od ostatniego zresetowania